000
00349nam a2200157Ia 4500
100
_a
Shelton/Jay W.
650
_a
General
942
_c
RB
654
_a
solids Fuels
245
_a
Jay Shelton = Solid Fuels Encyelopedia
260
_b
Charlote: garden Way Pub.
_c
1983
082
_a
697
_b
She
300
_a
268
546
_a
ENGLISH
999
_c
30905
_d
30905